[Event "26th Klatovy B 2018"]
[Site "Klatovy CZE"]
[Date "2018.07.03"]
[Round "4.3"]
[White "Kanka, Matej 2000"]
[Black "Sedlak, Jakub"]
[Result "1-0"]
[WhiteElo "1905"]
[BlackElo "1500"]
[PlyCount "67"]
[EventDate "2018.06.30"]
[EventType "swiss"]
[EventRounds "9"]
[EventCountry "CZE"]

1. d4 Nf6 2. Nf3 e6 3. Bf4 b6 4. h3 Bb7 5. e3 Be7 6. Bd3 O-O 7. Nbd2 d5 8. O-O Nbd7 9. Qe2 c5 10. c3 c4 11. Bc2 Nh5 12. Bh2 f5 13. Ne5 Nhf6 14. b3 b5 15. bxc4 bxc4 16. Rab1 Qc8 17. f3 Nxe5 18. Bxe5 Nd7 19. Bh2 Bg5 20. Bd6 Re8 21. f4 Be7 22. Be5 Bc6 23. g4 g6 24. Qg2 Rf8 25. Nf3 Qa6 26. gxf5 exf5 27. h4 Nxe5 28. Nxe5 Rf6 29. h5 Kh8 30. hxg6 hxg6 31. Rf3 Be8 32. Rh3+ Kg7 33. Qxd5 Rd8 34. Qh1 1-0

[Event "26th Klatovy B 2018"]
[Site "Klatovy CZE"]
[Date "2018.07.03"]
[Round "4.4"]
[White "Vavrinkova, Eliska"]
[Black "Masek, Jan"]
[Result "0-1"]
[WhiteElo "1746"]
[BlackElo "1948"]
[PlyCount "58"]
[EventDate "2018.06.30"]
[EventType "swiss"]
[EventRounds "9"]
[EventCountry "CZE"]

1. d4 Nf6 2. c4 c5 3. Nf3 cxd4 4. Nxd4 e5 5. Nc2 d5 6. cxd5 Bc5 7. Nc3 O-O 8. e3 a6 9. Be2 Bf5 10. Bf3 e4 11. Be2 Nbd7 12. b4 Bd6 13. a3 Be5 14. Bb2 Nb6 15. Nd4 Bg6 16. f4 exf3 17. Bxf3 Rc8 18. O-O Qc7 19. Rc1 Nc4 20. Qe2 Rfe8 21. d6 Qxd6 22. Ne4 Nxe4 23. Bxe4 Nxb2 24. Bxg6 Qxg6 25. Qxb2 Qh6 26. Qb3 Qxh2+ 27. Kf2 Rxc1 28. Rxc1 Qg3+ 29. Kf1 Bxd4 0-1

[Event "26th Klatovy B 2018"]
[Site "Klatovy CZE"]
[Date "2018.07.03"]
[Round "4.5"]
[White "Kuta, Miroslav"]
[Black "Zednik, Zdenek"]
[Result "1/2-1/2"]
[WhiteElo "1725"]
[BlackElo "1913"]
[PlyCount "38"]
[EventDate "2018.06.30"]
[EventType "swiss"]
[EventRounds "9"]
[EventCountry "CZE"]

1. d4 Nf6 2. Nf3 e6 3. c4 c5 4. Nc3 cxd4 5. Nxd4 a6 6. e3 Be7 7. Bd3 O-O 8. O-O Nc6 9. Nxc6 bxc6 10. Qc2 d5 11. Ne2 e5 12. e4 d4 13. f4 Nd7 14. f5 c5 15. Bd2 Bg5 16. Rf3 Bxd2 17. Qxd2 Nf6 18. Qg5 Bb7 19. Rg3 Ne8 1/2-1/2

[Event "26th Klatovy B 2018"]
[Site "Klatovy CZE"]
[Date "2018.07.03"]
[Round "4.6"]
[White "Novotny, David"]
[Black "Jirasek, Jiri"]
[Result "1-0"]
[WhiteElo "1715"]
[BlackElo "1903"]
[PlyCount "48"]
[EventDate "2018.06.30"]
[EventType "swiss"]
[EventRounds "9"]
[EventCountry "CZE"]

1. d4 c5 2. d5 Nf6 3. c4 d6 4. Nc3 g6 5. e4 Bg7 6. f4 O-O 7. Nf3 Nbd7 8. Bd3 a6 9. O-O Ng4 10. h3 Nh6 11. Qe2 Nb6 12. Bd2 Kh8 13. a3 f5 14. e5 Nf7 15. b4 Qc7 16. bxc5 Qxc5+ 17. Be3 Qa5 18. Bd2 Qc5+ 19. Kh1 Rb8 20. Be3 Qa5 21. Bd4 Na4 22. Nxa4 Qxa4 23. exd6 exd6 24. Qe7 Qd7 1-0

[Event "26th Klatovy B 2018"]
[Site "Klatovy CZE"]
[Date "2018.07.03"]
[Round "4.7"]
[White "Hosnedl, Matyas"]
[Black "Kohout, Josef 1953"]
[Result "1-0"]
[WhiteElo "1697"]
[BlackElo "1888"]
[PlyCount "97"]
[EventDate "2018.06.30"]
[EventType "swiss"]
[EventRounds "9"]
[EventCountry "CZE"]

1. e4 e5 2. Nf3 Nc6 3. Bb5 d6 4. d4 exd4 5. Nxd4 Bd7 6. Bxc6 bxc6 7. Nc3 g6 8. Be3 Bg7 9. Qd2 Rb8 10. Nb3 c5 11. Rb1 Nf6 12. e5 Ng4 13. exd6 cxd6 14. Bf4 Qe7+ 15. Ne2 Ne5 16. O-O O-O 17. Rfd1 Rb6 18. Nc3 Qh4 19. Bg3 Qh5 20. Ne4 Bg4 21. Re1 Nc4 22. Qf4 Ne5 23. Nf6+ Bxf6 24. Qxf6 Nd7 25. Qe7 d5 26. Nxc5 Nxc5 27. Qxc5 Be6 28. Qd4 Qg4 29. Qxg4 Bxg4 30. Re7 a6 31. f3 Be6 32. Bf2 Rc6 33. c3 Rfc8 34. Bd4 Kf8 35. Ra7 Rb8 36. b4 Ke8 37. Rb3 Bf5 38. Bc5 Re6 39. Kf2 Bd3 40. a4 Bc4 41. Rb1 Re2+ 42. Kg3 h6 43. b5 axb5 44. a5 Re6 45. a6 Rc8 46. Bb4 Bd3 47. Ra1 Bc2 48. Ra5 Rb6 49. Rb7 1-0

[Event "26th Klatovy B 2018"]
[Site "Klatovy CZE"]
[Date "2018.07.03"]
[Round "4.8"]
[White "Rezac, Jindrich"]
[Black "Dvorakova, Olga"]
[Result "1/2-1/2"]
[WhiteElo "1806"]
[BlackElo "1556"]
[PlyCount "69"]
[EventDate "2018.06.30"]
[EventType "swiss"]
[EventRounds "9"]
[EventCountry "CZE"]

1. d4 Nf6 2. c4 e6 3. Nc3 Bb4 4. Qc2 O-O 5. Bg5 d6 6. a3 Bxc3+ 7. Qxc3 Nbd7 8. Nf3 b6 9. e3 Bb7 10. Be2 c5 11. O-O Ne4 12. Bxd8 Nxc3 13. bxc3 Rfxd8 14. Nd2 Nf6 15. a4 Ne4 16. Nxe4 Bxe4 17. f3 Bg6 18. Rfd1 Kf8 19. e4 f6 20. a5 Ke7 21. Rdb1 Be8 22. axb6 axb6 23. Rxa8 Rxa8 24. Rxb6 Ra3 25. Rb7+ Bd7 26. d5 e5 27. Rb8 Rxc3 28. Kf2 Rc2 29. g3 f5 30. Ke3 fxe4 31. fxe4 Ra2 32. Rb7 Ra3+ 33. Kf2 Ra2 34. Ke3 Ra3+ 35. Kf2 1/2-1/2

[Event "26th Klatovy B 2018"]
[Site "Klatovy CZE"]
[Date "2018.07.03"]
[Round "4.9"]
[White "Sova, Zdenek"]
[Black "Novotny, Jaromir"]
[Result "0-1"]
[WhiteElo "1682"]
[BlackElo "1780"]
[PlyCount "31"]
[EventDate "2018.06.30"]
[EventType "swiss"]
[EventRounds "9"]
[EventCountry "CZE"]

1. Nf3 c5 2. c4 Nc6 3. Nc3 Nf6 4. g3 g6 5. Bg2 Bg7 6. O-O O-O 7. d3 d6 8. Rb1 Bd7 9. a3 Rb8 10. Bg5 h6 11. Be3 Ng4 12. Bd2 Nge5 13. Qc1 Kh7 14. Nd5 Nxf3+ 15. Bxf3 Nd4 16. Bg2 0-1

[Event "26th Klatovy B 2018"]
[Site "Klatovy CZE"]
[Date "2018.07.03"]
[Round "4.10"]
[White "Cipera, Josef"]
[Black "Finek, Vaclav"]
[Result "0-1"]
[WhiteElo "1688"]
[BlackElo "1763"]
[PlyCount "62"]
[EventDate "2018.06.30"]
[EventType "swiss"]
[EventRounds "9"]
[EventCountry "CZE"]

1. d4 d5 2. Bf4 Nf6 3. e3 e6 4. Bd3 Be7 5. Nf3 O-O 6. O-O b6 7. Nbd2 Ba6 8. Bxa6 Nxa6 9. Ne5 c5 10. Nc6 Qd7 11. Nxe7+ Qxe7 12. Qe2 Nb8 13. dxc5 bxc5 14. Be5 Nbd7 15. Nf3 Ne4 16. b3 Nxe5 17. Nxe5 Qd6 18. Nf3 a5 19. Qd3 a4 20. c4 Qa6 21. bxa4 Rfd8 22. Rfd1 Qxa4 23. Rdc1 Rab8 24. Qc2 Qxc2 25. Rxc2 d4 26. exd4 cxd4 27. Re2 f5 28. Ne5 d3 29. Rxe4 d2 30. Rd1 fxe4 31. Nc6 Rb1 0-1

[Event "26th Klatovy B 2018"]
[Site "Klatovy CZE"]
[Date "2018.07.03"]
[Round "4.11"]
[White "Kovar, Petr2"]
[Black "Chmelik, Benedikt"]
[Result "1-0"]
[WhiteElo "1944"]
[BlackElo "1475"]
[PlyCount "75"]
[EventDate "2018.06.30"]
[EventType "swiss"]
[EventRounds "9"]
[EventCountry "CZE"]

1. e4 c5 2. Nf3 d6 3. d4 cxd4 4. Nxd4 Nf6 5. Nc3 g6 6. g3 Bg7 7. Bg2 O-O 8. h3 a6 9. O-O Bd7 10. Be3 Nc6 11. a4 e6 12. Nxc6 Bxc6 13. a5 Qe7 14. Re1 Nd7 15. Bd4 Bxd4 16. Qxd4 Rfd8 17. Kh2 Nf6 18. Rad1 Rd7 19. Na2 Rc8 20. b3 Ne8 21. c4 Qf6 22. Nb4 Qxd4 23. Rxd4 f5 24. Nxc6 bxc6 25. exf5 exf5 26. Rxe8+ Rxe8 27. Bxc6 Red8 28. Bxd7 Rxd7 29. c5 d5 30. c6 Rc7 31. Rxd5 Rxc6 32. Rd7 Rc3 33. Rb7 Rc5 34. b4 Rc4 35. Kg2 g5 36. b5 Ra4 37. bxa6 Rxa5 38. a7 1-0

[Event "26th Klatovy B 2018"]
[Site "Klatovy CZE"]
[Date "2018.07.03"]
[Round "4.12"]
[White "Zidu, Jan"]
[Black "Roskovec, Bedrich"]
[Result "1-0"]
[WhiteElo "1913"]
[BlackElo "1641"]
[PlyCount "79"]
[EventDate "2018.06.30"]
[EventType "swiss"]
[EventRounds "9"]
[EventCountry "CZE"]

1. d4 c5 2. d5 e5 3. dxe6 fxe6 4. e4 Nf6 5. e5 Nd5 6. c4 Nb6 7. Bd3 g6 8. Nf3 Nc6 9. a4 Rb8 10. a5 Na8 11. Bd2 Nc7 12. O-O b6 13. Qc2 Rg8 14. axb6 Rxb6 15. Re1 Na6 16. Be4 Nab4 17. Qc3 a6 18. Na3 Ne7 19. Rad1 Nf5 20. Bf4 Nc6 21. Nc2 Nb4 22. Ne3 Bh6 23. Nxf5 gxf5 24. Bxh6 Rg6 25. Bg5 Rxg5 26. Nxg5 Qxg5 27. Bf3 Nc6 28. Rd6 Bb7 29. Red1 Qe7 30. Bh5+ Kd8 31. h3 Rb4 32. Qg3 Nd4 33. Qg8+ Kc7 34. Qg3 Rxb2 35. Qa3 Qg5 36. g4 Ne2+ 37. Kf1 Ng3+ 38. Qxg3 f4 39. Rxd7+ Kb6 40. Rxb7+ 1-0

[Event "26th Klatovy B 2018"]
[Site "Klatovy CZE"]
[Date "2018.07.03"]
[Round "4.13"]
[White "Mejzr, Jan"]
[Black "Svec, Ludek"]
[Result "1-0"]
[WhiteElo "1897"]
[BlackElo "1618"]
[PlyCount "39"]
[EventDate "2018.06.30"]
[EventType "swiss"]
[EventRounds "9"]
[EventCountry "CZE"]

1. b4 e5 2. a3 Nf6 3. Bb2 d6 4. e3 Be7 5. c4 Bf5 6. Nc3 Nbd7 7. Be2 O-O 8. d3 Re8 9. g4 Bxg4 10. Bxg4 Nxg4 11. Qxg4 f5 12. Qxf5 Rf8 13. Qe6+ Kh8 14. Ne4 Bh4 15. Ne2 Bxf2+ 16. Nxf2 Qh4 17. Rf1 Rf6 18. Qxd7 Raf8 19. Nf4 R6f7 20. Qh3 1-0

[Event "26th Klatovy B 2018"]
[Site "Klatovy CZE"]
[Date "2018.07.03"]
[Round "4.14"]
[White "Simacek, Vaclav"]
[Black "Vasko, Pavel"]
[Result "1/2-1/2"]
[WhiteElo "1868"]
[BlackElo "1610"]
[PlyCount "121"]
[EventDate "2018.06.30"]
[EventType "swiss"]
[EventRounds "9"]
[EventCountry "CZE"]

1. e4 e5 2. Nc3 Nf6 3. f4 d6 4. Nf3 Nbd7 5. Bc4 Be7 6. O-O O-O 7. d3 exf4 8. Bxf4 Nb6 9. Bb3 Nh5 10. Be3 Be6 11. Nd4 Bxb3 12. Qxh5 Be6 13. Nxe6 fxe6 14. Qg4 e5 15. Rxf8+ Qxf8 16. Rf1 Qc8 17. Qh5 Qe6 18. Rf3 c6 19. Rh3 h6 20. Rg3 Kh7 21. b3 Rf8 22. a4 Nd7 23. d4 a6 24. d5 Qf7 25. Qe2 c5 26. Rf3 Qe8 27. Rxf8 Qxf8 28. Qg4 Nf6 29. Qf5+ g6 30. Qe6 Bd8 31. Qc8 Qe7 32. Qh3 Qf8 33. Qf3 Qe7 34. Ne2 Qd7 35. h3 Qc7 36. Bd2 Qe7 37. g4 Ng8 38. Kg2 Qf6 39. b4 Bb6 40. a5 Ba7 41. Be3 Qxf3+ 42. Kxf3 Nf6 43. Ng3 b6 44. axb6 Bxb6 45. Bd2 Nd7 46. c3 a5 47. bxa5 Bxa5 48. h4 Nf6 49. g5 hxg5 50. Bxg5 Kg7 51. c4 Be1 52. Nf1 Kf7 53. Ke2 Ba5 54. Bxf6 Kxf6 55. Ng3 Bd8 56. h5 gxh5 57. Nxh5+ Kg5 58. Ng7 Kf4 59. Kd3 Kf3 60. Nf5 Bc7 61. Nh6 1/2-1/2

[Event "26th Klatovy B 2018"]
[Site "Klatovy CZE"]
[Date "2018.07.03"]
[Round "4.15"]
[White "Svec, Vitezslav"]
[Black "Hartmann, Andreas 1969"]
[Result "0-1"]
[WhiteElo "1632"]
[BlackElo "1847"]
[PlyCount "142"]
[EventDate "2018.06.30"]
[EventType "swiss"]
[EventRounds "9"]
[EventCountry "CZE"]

1. d4 d5 2. Bf4 Nf6 3. e3 c6 4. c3 Qb6 5. Qb3 Qxb3 6. axb3 Nbd7 7. Be2 e6 8. h3 Be7 9. Nd2 Kd8 10. Ngf3 Ne8 11. c4 Bd6 12. c5 Bxf4 13. exf4 Nc7 14. Ne5 Nxe5 15. fxe5 Bd7 16. O-O Ke7 17. b4 Rhb8 18. Ra2 Rf8 19. Rfa1 a6 20. f4 f6 21. Nf3 fxe5 22. fxe5 Be8 23. Nd2 Bg6 24. Rf1 Rxf1+ 25. Bxf1 Rf8 26. g3 h6 27. Ra1 Bc2 28. Be2 Rf5 29. Rf1 Ba4 30. Rxf5 exf5 31. Nf3 Bc2 32. Kf2 Ne6 33. Ke3 Be4 34. Nd2 Bg2 35. h4 g5 36. hxg5 hxg5 37. Nb3 f4+ 38. gxf4 gxf4+ 39. Kf2 Bh3 40. Bd3 Bg4 41. Bf1 Kd7 42. Be2 Bf5 43. Bd1 Kc7 44. Bh5 Ng5 45. Nd2 Bh3 46. Bg6 Bg4 47. Bd3 Bh3 48. Bg6 Bg4 49. Bd3 Kd7 50. Bg6 Ne6 51. Nb3 Ke7 52. Ke1 Nd8 53. Nd2 Kf8 54. Kf2 Kg7 55. Bd3 Kh6 56. Bc2 Kg5 57. Bd3 Ne6 58. Nb3 Bf5 59. Bxf5 Kxf5 60. Na5 Nxd4 61. Nxb7 Nc2 62. Nd8 Nxb4 63. e6 Kf6 64. Kf3 Ke7 65. Nb7 Kxe6 66. Kxf4 Nd3+ 67. Ke3 Nxb2 68. Na5 Kd7 69. Kd4 Nc4 70. Nxc4 dxc4 71. Kxc4 Ke6 0-1

[Event "26th Klatovy B 2018"]
[Site "Klatovy CZE"]
[Date "2018.07.03"]
[Round "4.16"]
[White "Perik, Alois"]
[Black "Mykiska, Vojtech"]
[Result "1/2-1/2"]
[WhiteElo "1832"]
[BlackElo "1576"]
[PlyCount "52"]
[EventDate "2018.06.30"]
[EventType "swiss"]
[EventRounds "9"]
[EventCountry "CZE"]

1. c4 Nf6 2. Nc3 g6 3. d4 c6 4. g3 d5 5. cxd5 cxd5 6. Bg2 Bg7 7. Nf3 O-O 8. O-O Bf5 9. Nh4 Bg4 10. h3 Bd7 11. Qb3 Bc6 12. e3 e6 13. Bd2 Nbd7 14. Nf3 Qb6 15. Qxb6 Nxb6 16. b3 Nfd7 17. Rac1 Nc8 18. Rfd1 Nd6 19. Ne2 a5 20. Bc3 Rfc8 21. Bb2 Bb5 22. Nc3 Ba6 23. Ba3 Rc6 24. Bf1 Bxf1 25. Kxf1 Bf8 26. Na4 Rac8 1/2-1/2

[Event "26th Klatovy B 2018"]
[Site "Klatovy CZE"]
[Date "2018.07.03"]
[Round "4.17"]
[White "Svejdar, Pavel"]
[Black "Vachal, Josef1"]
[Result "0-1"]
[WhiteElo "1614"]
[BlackElo "1829"]
[PlyCount "33"]
[EventDate "2018.06.30"]
[EventType "swiss"]
[EventRounds "9"]
[EventCountry "CZE"]

1. e4 e5 2. Nf3 Nc6 3. d4 exd4 4. Nxd4 Bc5 5. Be3 Qf6 6. c3 Nge7 7. Bc4 O-O 8. O-O d6 9. Nc2 Bxe3 10. Nxe3 Be6 11. Nd2 Bxc4 12. Ndxc4 Qe6 13. f3 Ne5 14. Qe2 Nxc4 15. Qxc4 Qxc4 16. Nxc4 b5 17. Ne3 0-1

[Event "26th Klatovy B 2018"]
[Site "Klatovy CZE"]
[Date "2018.07.03"]
[Round "4.19"]
[White "Asatryan, Manvel"]
[Black "Krupansky, Jaromir"]
[Result "1/2-1/2"]
[WhiteElo "1574"]
[BlackElo "1765"]
[PlyCount "73"]
[EventDate "2018.06.30"]
[EventType "swiss"]
[EventRounds "9"]
[EventCountry "CZE"]

1. e4 c5 2. c3 d5 3. exd5 Qxd5 4. d4 Nf6 5. Nf3 Bg4 6. Be2 e6 7. O-O Be7 8. Be3 cxd4 9. cxd4 O-O 10. Nc3 Qd8 11. Qb3 Qc8 12. Rac1 Nc6 13. Rfd1 Rd8 14. d5 Nxd5 15. Nxd5 exd5 16. Rxd5 Rxd5 17. Qxd5 Qe6 18. Bc4 Qxd5 19. Bxd5 Rd8 20. Bxc6 bxc6 21. Ne5 Rd1+ 22. Rxd1 Bxd1 23. Nxc6 Bf6 24. Nxa7 Bxb2 25. Bc5 f5 26. Kf1 Bc3 27. Nb5 Ba5 28. f3 Kf7 29. Nd4 Kf6 30. Kf2 Ba4 31. Nb3 Bc7 32. Bd4+ Kf7 33. Nc5 Bc6 34. Bxg7 Bxh2 35. Bd4 Bd6 36. Nb3 Ke6 37. Bc5 1/2-1/2

[Event "26th Klatovy B 2018"]
[Site "Klatovy CZE"]
[Date "2018.07.03"]
[Round "4.20"]
[White "Merinsky, Vaclav"]
[Black "Cyron, Karel"]
[Result "1/2-1/2"]
[WhiteElo "1565"]
[BlackElo "1756"]
[PlyCount "100"]
[EventDate "2018.06.30"]
[EventType "swiss"]
[EventRounds "9"]
[EventCountry "CZE"]

1. e4 Nf6 2. Nc3 d5 3. e5 Nfd7 4. d4 c5 5. dxc5 e6 6. f4 Bxc5 7. Nf3 Nc6 8. Bd2 a6 9. Bd3 Nd4 10. a3 b5 11. b4 Nxf3+ 12. Qxf3 Bd4 13. Rb1 O-O 14. Qh3 f5 15. g4 g6 16. gxf5 exf5 17. Qf3 Bb7 18. Ne2 Ba7 19. c3 Qe7 20. Nd4 Nb6 21. Qg3 Kh8 22. h4 Nc4 23. Bxc4 Bxd4 24. Bb3 Bb6 25. Rh2 d4 26. cxd4 Bxd4 27. Bc3 Bxc3+ 28. Qxc3 Rac8 29. Qb2 Be4 30. Rc1 Rxc1+ 31. Qxc1 Qa7 32. Ke2 Qd4 33. Rh3 Rd8 34. Qc3 Kg7 35. Qxd4 Rxd4 36. Rc3 Kh6 37. Bf7 Kg7 38. Rc7 Kf8 39. Be6 Bh1 40. Rf7+ Ke8 41. Rxh7 Rxf4 42. Bd7+ Kd8 43. e6 Bd5 44. Rh8+ Ke7 45. Rh7+ Kd6 46. h5 gxh5 47. Rxh5 Re4+ 48. Kf2 Bxe6 49. Bxe6 Rxe6 50. Rxf5 Kc6 1/2-1/2

[Event "26th Klatovy B 2018"]
[Site "Klatovy CZE"]
[Date "2018.07.03"]
[Round "4.21"]
[White "Flajsman, Petr"]
[Black "Zeman, Lukas"]
[Result "1-0"]
[WhiteElo "1753"]
[BlackElo "1460"]
[PlyCount "65"]
[EventDate "2018.06.30"]
[EventType "swiss"]
[EventRounds "9"]
[EventCountry "CZE"]

1. e4 d5 2. exd5 Nf6 3. d4 Nxd5 4. c4 Nb6 5. Nc3 Bf5 6. a4 e6 7. a5 N6d7 8. g4 Bg6 9. Bg2 c6 10. Nge2 Be7 11. Qb3 Qc8 12. Be3 O-O 13. h4 f5 14. h5 Bf7 15. g5 c5 16. Bxb7 Qd8 17. Bxa8 cxd4 18. Nxd4 Bxg5 19. O-O-O Bxe3+ 20. fxe3 Qxa5 21. Qb5 Qxb5 22. Ncxb5 Nb6 23. Bf3 Nxc4 24. b3 Ne5 25. Be2 Rc8+ 26. Kb2 Nbc6 27. Rc1 a6 28. Nd6 Rc7 29. Nxf7 Kxf7 30. Nxc6 Rxc6 31. Rxc6 Nxc6 32. Bxa6 Nb4 33. Bc4 1-0

[Event "26th Klatovy B 2018"]
[Site "Klatovy CZE"]
[Date "2018.07.03"]
[Round "4.22"]
[White "Novy, Jan"]
[Black "Schille, Hannes"]
[Result "0-1"]
[WhiteElo "1516"]
[BlackElo "1750"]
[PlyCount "78"]
[EventDate "2018.06.30"]
[EventType "swiss"]
[EventRounds "9"]
[EventCountry "CZE"]

1. e4 c5 2. Nc3 Nc6 3. g3 d6 4. Bg2 g6 5. f4 Bg7 6. d3 Nf6 7. Nh3 Bg4 8. Qd2 Qc8 9. Nf2 Bd7 10. O-O O-O 11. a3 Ng4 12. Kh1 Nd4 13. Nd5 Re8 14. Qd1 b5 15. c3 Nc6 16. Ne3 Nxe3 17. Bxe3 Rb8 18. Qe2 a5 19. Rac1 b4 20. d4 bxa3 21. d5 Na7 22. bxa3 Rb3 23. a4 Rxc3 24. Rxc3 Bxc3 25. Qc2 Bg7 26. Rb1 Qc7 27. Bf1 Rb8 28. Rb3 Rb4 29. Rxb4 axb4 30. Bc4 Qa5 31. Bb3 Nc8 32. Nd3 Nb6 33. e5 Bxa4 34. exd6 exd6 35. Qa2 Qb5 36. Nxc5 dxc5 37. Bg1 Bxb3 38. Qxb3 c4 39. Qb1 Qxd5+ 0-1

[Event "26th Klatovy B 2018"]
[Site "Klatovy CZE"]
[Date "2018.07.03"]
[Round "4.23"]
[White "Levinsky, Ladislav"]
[Black "Nagy, Ladislav"]
[Result "0-1"]
[WhiteElo "1515"]
[BlackElo "1740"]
[PlyCount "79"]
[EventDate "2018.06.30"]
[EventType "swiss"]
[EventRounds "9"]
[EventCountry "CZE"]

1. Nf3 g6 2. d4 Nf6 3. Bf4 Bg7 4. e3 O-O 5. Bd3 d6 6. c3 Nbd7 7. Nbd2 c5 8. Qc2 b6 9. Bg3 Bb7 10. O-O a6 11. a4 Bc6 12. Rab1 b5 13. axb5 axb5 14. Ra1 c4 15. Be2 Qb6 16. b4 Ra6 17. Qb2 Rfa8 18. Nxc4 bxc4 19. Bxc4 Bb5 20. Nd2 d5 21. Bxb5 Qxb5 22. Nb3 Ne4 23. f3 Nxg3 24. hxg3 Nb6 25. Rxa6 Rxa6 26. Nc5 Nc4 27. Qe2 Ra3 28. Rc1 Qb8 29. Kh2 h5 30. Kh3 Bh6 31. f4 Qc8+ 32. Kh2 Qa8 33. e4 e6 34. Rc2 Qd8 35. f5 Ne3 36. fxg6 fxg6 37. Rb2 Rxc3 38. Nxe6 Qd6 39. exd5 Ng4+ 40. Kh3 0-1

[Event "26th Klatovy B 2018"]
[Site "Klatovy CZE"]
[Date "2018.07.03"]
[Round "4.24"]
[White "Boucek, Vlastimil 1968"]
[Black "Skutil, Frantisek"]
[Result "1/2-1/2"]
[WhiteElo "1715"]
[BlackElo "1336"]
[PlyCount "74"]
[EventDate "2018.06.30"]
[EventType "swiss"]
[EventRounds "9"]
[EventCountry "CZE"]

1. e4 c5 2. c4 Nc6 3. Nc3 e6 4. d3 g6 5. f4 d6 6. Nf3 Bg7 7. g3 a6 8. Be3 Rb8 9. d4 cxd4 10. Bxd4 Nxd4 11. Nxd4 Ne7 12. Qd2 Bd7 13. O-O-O O-O 14. Nde2 Nc8 15. Bg2 b5 16. cxb5 Bxb5 17. Nxb5 Rxb5 18. Nc3 Bxc3 19. Qxc3 Rc5 20. Qxc5 dxc5 21. Rxd8 Rxd8 22. Rd1 Rxd1+ 23. Kxd1 Kf8 24. e5 Ne7 25. Kd2 Ke8 26. Be4 Nd5 27. a3 Ke7 28. Bd3 a5 29. Bb5 f6 30. Kd3 Nb6 31. Ke4 h6 32. exf6+ Kxf6 33. g4 g5 34. fxg5+ hxg5 35. Ba6 e5 36. Bb5 Ke6 37. h3 Kf6 1/2-1/2

[Event "26th Klatovy B 2018"]
[Site "Klatovy CZE"]
[Date "2018.07.03"]
[Round "4.25"]
[White "Macho, Miloslav"]
[Black "Dolezal, Martin 1998"]
[Result "1-0"]
[WhiteElo "1710"]
[BlackElo "1247"]
[PlyCount "79"]
[EventDate "2018.06.30"]
[EventType "swiss"]
[EventRounds "9"]
[EventCountry "CZE"]

1. e4 e5 2. Nf3 Nc6 3. c3 d5 4. Qa4 dxe4 5. Nxe5 Qd5 6. Nxc6 bxc6 7. Bc4 Qd6 8. Na3 Nf6 9. Qb3 Nd5 10. Nc2 Be6 11. Ne3 Nf4 12. O-O Bxc4 13. Qxc4 Qg6 14. f3 exf3 15. Qxf4 fxg2 16. Nxg2 Bd6 17. Qe3+ Kd7 18. Qh3+ Kd8 19. d4 c5 20. Be3 Re8 21. Rad1 cxd4 22. Rxd4 Ke7 23. Qf5 Qxf5 24. Rxf5 Kf8 25. Bf4 Rad8 26. Bxd6+ Rxd6 27. Rxd6 cxd6 28. Kf2 Rb8 29. b3 Rb6 30. c4 Ra6 31. a4 Rb6 32. Rb5 Ke7 33. Rxb6 axb6 34. Nf4 Kd8 35. Nd5 f5 36. Nxb6 f4 37. Nd5 g5 38. Kf3 h5 39. Nxf4 gxf4 40. Kxf4 1-0

[Event "26th Klatovy B 2018"]
[Site "Klatovy CZE"]
[Date "2018.07.03"]
[Round "4.26"]
[White "Soucek, Petr"]
[Black "Zak, Jiri1"]
[Result "1/2-1/2"]
[WhiteElo "1485"]
[BlackElo "1702"]
[PlyCount "73"]
[EventDate "2018.06.30"]
[EventType "swiss"]
[EventRounds "9"]
[EventCountry "CZE"]

1. d4 Nf6 2. c4 g6 3. Nc3 Bg7 4. e4 d6 5. Nf3 O-O 6. g3 Nbd7 7. Bg2 e5 8. O-O c6 9. d5 c5 10. Be3 a6 11. Rb1 Ng4 12. Bg5 Ngf6 13. h3 h6 14. Be3 Nb6 15. Qe2 Nbd7 16. a3 Ne8 17. b4 Nc7 18. bxc5 Nxc5 19. Bxc5 dxc5 20. Na4 b5 21. Nxc5 bxc4 22. Qxc4 Re8 23. a4 a5 24. Rfd1 Na6 25. Nxa6 Bxa6 26. Qc6 Bf8 27. Qb6 Bb4 28. Qxd8 Raxd8 29. Bf1 Bc8 30. Bb5 Re7 31. Kg2 Rd6 32. Rbc1 Bd7 33. Bc6 f6 34. Bxd7 Rdxd7 35. Rc6 Kf7 36. Nd2 Rc7 37. Nc4 1/2-1/2

[Event "26th Klatovy B 2018"]
[Site "Klatovy CZE"]
[Date "2018.07.03"]
[Round "4.27"]
[White "Dubnicka, Augustin 2000"]
[Black "Gerigk, Daniel"]
[Result "0-1"]
[WhiteElo "1659"]
[BlackElo "1690"]
[PlyCount "114"]
[EventDate "2018.06.30"]
[EventType "swiss"]
[EventRounds "9"]
[EventCountry "CZE"]

1. d4 Nf6 2. Nf3 e6 3. Bg5 Be7 4. c3 b6 5. Nbd2 Bb7 6. Bxf6 Bxf6 7. e4 g6 8. Bd3 d6 9. O-O Nd7 10. Rc1 O-O 11. Qe2 Rc8 12. h3 c5 13. Ba6 Bxa6 14. Qxa6 Bg7 15. b4 Rc7 16. Nb3 Nf6 17. e5 dxe5 18. dxe5 Nd5 19. bxc5 bxc5 20. c4 Nf4 21. Rcd1 Qa8 22. Qd6 Rfc8 23. Kh2 Qe4 24. Nbd2 Qf5 25. Rc1 Rc6 26. g4 Qd3 27. Qxd3 Nxd3 28. Rc3 Nxe5 29. Ra3 a6 30. Rb1 Rd8 31. Rbb3 Rcd6 32. Ra5 Rxd2 33. Nxd2 Rxd2 34. Rxa6 h6 35. Kg3 Nxc4 36. a4 Bd4 37. f4 Ne3 38. Ra8+ Kg7 39. Rb7 Nf1+ 40. Kf3 Rf2+ 41. Ke4 Ng3+ 42. Kd3 Rxf4 43. a5 e5 44. a6 e4+ 45. Kc4 e3 46. a7 e2 47. Re8 Be5+ 48. Kd5 Rd4+ 49. Kc6 e1=Q 50. Rxe5 Qxe5 51. a8=Q Qe6+ 52. Kb5 Rb4+ 53. Kxc5 Qc4+ 54. Kd6 Ne4+ 55. Ke7 Qe6+ 56. Kd8 Rd4+ 57. Kc7 Qd6+ 0-1

[Event "26th Klatovy B 2018"]
[Site "Klatovy CZE"]
[Date "2018.07.03"]
[Round "4.28"]
[White "Krobot, Jan"]
[Black "Studenovsky, Jaroslav 1974"]
[Result "1-0"]
[WhiteElo "1680"]
[BlackElo "1000"]
[PlyCount "81"]
[EventDate "2018.06.30"]
[EventType "swiss"]
[EventRounds "9"]
[EventCountry "CZE"]

1. d4 Nf6 2. Bf4 Nc6 3. e3 d5 4. c3 e6 5. Bd3 Bd6 6. Nf3 Bxf4 7. exf4 Qd6 8. Ne5 g6 9. Nd2 Nd7 10. Qg4 Ndxe5 11. fxe5 Qe7 12. h4 Bd7 13. h5 O-O-O 14. O-O-O Rdg8 15. g3 Be8 16. Nf3 gxh5 17. Qxh5 f5 18. Qh4 Qxh4 19. Rxh4 h6 20. Rdh1 Rg6 21. Rh5 Nd8 22. R5h2 Nf7 23. Rh5 a6 24. Rxf5 Rgg8 25. Rf6 Kd7 26. Bg6 Rf8 27. Bxf7 Rxf7 28. Ng5 Rxf6 29. exf6 Rf8 30. Rxh6 Bf7 31. Rh7 Ke8 32. Nxf7 Rxf7 33. Rh8+ Kd7 34. Rh6 Kd6 35. f4 e5 36. fxe5+ Ke6 37. g4 Rf8 38. g5 Rg8 39. g6 b6 40. g7 Kf7 41. Rh8 1-0

[Event "26th Klatovy B 2018"]
[Site "Klatovy CZE"]
[Date "2018.07.03"]
[Round "4.29"]
[White "Vavrinek, Tomas"]
[Black "Vilimek, Vit"]
[Result "0-1"]
[WhiteElo "1785"]
[BlackElo "1448"]
[PlyCount "60"]
[EventDate "2018.06.30"]
[EventType "swiss"]
[EventRounds "9"]
[EventCountry "CZE"]

1. d4 Nf6 2. c4 g6 3. Nc3 d5 4. Bf4 Bg7 5. e3 c5 6. cxd5 Nxd5 7. Bb5+ Nc6 8. Nge2 Nxf4 9. Nxf4 cxd4 10. exd4 Bxd4 11. Qb3 O-O 12. O-O Qc7 13. Ncd5 Qd6 14. Rad1 e5 15. Qa4 Bg4 16. Rd2 exf4 17. Bxc6 bxc6 18. Nxf4 c5 19. Nd3 Bd7 20. Qc2 Bf5 21. Qc4 Rfd8 22. Rfd1 Bxd3 23. Rxd3 Qf4 24. Qc2 Rab8 25. b3 c4 26. R3d2 cxb3 27. axb3 Rbc8 28. Qb1 Bxf2+ 29. Rxf2 Rxd1+ 30. Qxd1 Qe3 0-1